000 01370cam a2200349 a 4500
999 _c130345
_d130345
001 12794306
003 ARRUPE
005 20200212092258.0
008 011126s2002 enka e b 001 0ceng
010 _a 2002421242
020 _a0340794615
035 _a(UkLWHE)b000144475
040 _aDLC
_cDLC
_dDLC
043 _ae-uk---
050 0 0 _aDA462.A3
_bW27 2002
082 0 0 _a941.06
_221
100 1 _aWaller, Maureen.
_949494
245 1 0 _aUngrateful daughters :
_bthe Stuart princesses who stole their father's crown /
_cMaureen Waller.
260 _aLondon :
_bHodder & Stoughton,
_c2002.
300 _axxiv, 454 p. :
_bill. (some col.) ;
_c24 cm.
504 _aIncludes bibliographical references (p. 435-442) and index.
600 0 0 _aMary
_bII,
_cQueen of England,
_d1662-1694.
_949149
600 0 0 _aJames
_bII,
_cKing of England,
_d1633-1701
_xFamily.
_949495
600 0 0 _aAnne,
_cQueen of Great Britain,
_d1665-1714.
_949496
650 0 _aQueens
_zGreat Britain
_vBiography.
_949238
651 0 _aGreat Britain
_xHistory
_yWilliam and Mary, 1689-1702.
_949150
651 0 _aGreat Britain
_xKings and rulers
_xSuccession.
_949497
651 0 _aGreat Britain
_xHistory
_yAnne, 1702-1714.
_949498
906 _a7
_bcbc
_corigres
_d2
_encip
_f20
_gy-gencatlg
942 _2lcc
_cMONOGRAPH